Statistics for Smaller European Cities That You May Know

Click here to take the quiz!

General Stats

  • This quiz has been taken 381 times
  • The average score is 14 of 20

Answer Stats

PopulationHintCity% Correct
73,868City on the Riviera with a famous film festivalCannes
94%
91,104"Watch out below" said Galileo as he dropped objects from this
city's leaning tower
Pisa
94%
25,358The modern city was founded in 1891, nearly 2 millennia after the
ancient city was buried in a volcanic eruption
Pompei
93%
34,003Almost, but not quite, the southernmost point on the Iberian PeninsulaGibraltar
92%
5,696Capital of LiechtensteinVaduz
92%
30,174Napoleon lost his final battle near this town in 1815Waterloo
91%
39,057Was home to the largest German concentration camp during WWIIOświęcim
81%
94,192A type of humorous poem gets its name from this city
on the river Shannon
Limerick
79%
35,259There's a statue of King Leonidas in this town once known
for its disciplined warriors
Sparta
78%
57,751This one's not located "am Main", but "an der Oder"Frankfurt
74%
76,746Crimean resort that was site of one of the WWII conferencesYalta
74%
42,615Walled city, formerly called Ragusa, which is a World Heritage siteDubrovnik
72%
96,405Pilgrims walk here to see the shrine of St. James{Santiago}
de Compostela
68%
84,282Famous for bladed weapons. Namesake of a city in OhioToledo
68%
28,034It's not a tool used to smash flowers, it's the host of the
1994 Winter Olympics
Lillehammer
64%
69,849Namesake of a type of oliveKalamata
47%
34,964Belgian city near which five WWI battles foughtYpres
41%
89,607Biggest city in northern SwedenUmeå
26%
5,755Ski resort that is the most important settlement near MatterhornZermatt
24%
11,226As I was going here, I met a man with seven wives ...St Ives
23%

Score Distribution

Percentile by Number Answered

Percent of People with Each Score

Your Score History

You have not taken this quiz